| 000 | 00525mam a22001574a 4500 | ||
|---|---|---|---|
| 082 |
_a915 _bIBN |
||
| 100 | 0 |
_aIbn Batuta, _946123 |
|
| 245 | 1 | 0 |
_aIbn BattĂșta travels in Asia and Africa, 1325-1354 / _ctranslated and selected by H. A. R. Gibb, with an introduction and notes. |
| 260 |
_aLondon : _bRoutledge, _c1929 |
||
| 300 |
_a398 p. : _bill., map ; _c23cm. |
||
| 490 | 1 | _aThe Broadway travellers | |
| 526 |
_a0 _b0 _c0 _d915_000000000000000_IBN |
||
| 650 |
_aMCE _9379 |
||
| 700 | 1 |
_aGibb, H. A. R. _937408 |
|
| 942 |
_2ddc _cBK |
||
| 999 |
_c549466 _d549466 |
||